000
00333 a2200157 4500
001
150682
040
_c
Escola São Tomás de Aquino
100
_a
STIENECKER, David L
240
1
0
_a
Mulplicação
_l
por
245
1
0
_a
Mulplicação
300
_a
32
362
0
_a
1998
440
1
_a
Moderna
697
_a
MATEMÁTICA
942
_c
BK
999
_c
150682
_d
150682